=LDR 00000nam 2200000 4500 =001 INLIS000000000038136 =005 20130612143824 =008 ***********************************ind** =035 ##$$0010-061300000038136 =041 ##$$a ind =082 ##$$a 813 =090 ##$$a 813, Ada t =100 ##$$a Adam, Carrie =245 ##$$a The God Molther, Sang Ibu Baptis, Oleh Carrie Adam =650 ##$$a Novel =850 ##$$a NBPNMAT